Vida Intima : no. 12, octubre 1961 /

Furkejuvvon:
Bibliográfalaš dieđut
Eará dahkkit: Bandini, Oscar (dirección) (dirección)
Materiálatiipa: Girji
Giella:espánnjágiella
Almmustuhtton: México : Compañía de Jesús, Provincia Mexicana, 1961
Fáddágilkorat: Lasit fáddágilkoriid
Eai fáddágilkorat, Lasit vuosttaš fáddágilkora!

MARC

LEADER 00000nam^a2200000^a^4500
001 000629742
005 20260407000000.0
009 20260408133316.562
037 |a Acervo ITESO - Biblioteca 
041 |a ESP 
091 |a FOB. 04311 
240 1 1 |a [Vida Intima] 
245 0 0 |a Vida Intima :  |b no. 12, octubre 1961 / 
264 1 |a México :  |b Compañía de Jesús, Provincia Mexicana,  |c 1961 
300 |a [40] p. 
336 |a texto  |b txt  |2 rdacontenido 
337 |a sin mediación  |b n  |2 rdamedio 
338 |a volumen  |b nc  |2 rdasoporte 
649 |a XX 
700 |a Bandini, Oscar  |e (dirección) 
910 |a Fondo Carlos de Obeso Orendain 
920 |a Impresos - Libros 
930 |a Fondos Especiales 
940 |a Jesuitas 
905 |a 147 
901 |a 629742-10  |b IT2  |c ESP  |i D  |u 20260407 
902 |a https://opac.biblio.iteso.mx/vufind/Record/000629742